000 00532nam a22001937a 4500
003 Ost
005 20250722092217.0
008 250722b |||||||| |||| 00| 0 eng d
020 _a9780471289685
040 _cBT-PhCST
050 _a25480
082 _222
_a741.2
_bCHI
100 _aChing, Francis D.K.
245 _aDrawing, a creative process /
260 _aNew York :
_bJohn Wiley & Sons, Inc.,
_cc1990.
300 _a206 p. :
_bill. ;
_c21 cm.
500 _aIncludes bibliographical references (p. 201).
942 _2ddc
_cAE
999 _c10071
_d10071